| 000 | 00000nam 2200000zi 4500 |
| 001 | 9.929756 |
| 003 | CaOODSP |
| 005 | 20240521133747 |
| 006 | m o d f |
| 007 | cr ||||||||||| |
| 008 | 231031t20242024quca ob f000 0 eng d |
| 020 | |a9780660686325 |
| 040 | |aCaOODSP|beng|erda|cCaOODSP |
| 043 | |an-cn--- |
| 086 | 1 |aST99-84/2024E-PDF |
| 245 | 00|aCanadian Space Agency organizational values and ethics code. |
| 264 | 1|a[Saint-Hubert, QC] : |bCanadian Space Agency = Agence spatiale canadienne, |c[2024] |
| 264 | 4|c©2024 |
| 300 | |a1 online resource (23 pages) : |bcolour illustrations |
| 336 | |atext|btxt|2rdacontent |
| 337 | |acomputer|bc|2rdamedia |
| 338 | |aonline resource|bcr|2rdacarrier |
| 500 | |aIssued also in French under title: Code organisationnel de valeurs et d'éthique de l'Agence spatiale canadienne. |
| 500 | |aThe PDF copy has been replaced 21 May 2024 as requested by the publisher. |
| 504 | |aIncludes bibliographical references. |
| 610 | 20|aCanadian Space Agency |xOfficials and employees|vProfessional ethics. |
| 710 | 2 |aCanadian Space Agency, |eissuing body. |
| 775 | 08|tCode organisationnel de valeurs et d'éthique de l'Agence spatiale canadienne.|w(CaOODSP)9.929757 |
| 856 | 40|qPDF|s6.02 MB|uhttps://publications.gc.ca/collections/collection_2024/asc-csa/ST99-84-2024-eng.pdf |
| 856 | 4 |qHTML|sN/A|uhttps://www.asc-csa.gc.ca/eng/about/code-csa.asp |